FIFA Women's World Cup USA'99 official program.

Saved in:
Bibliographic Details
Corporate Author: Fédération internationale de football association.
Format: Book
Language:English
Published: [Place of publication not identified] : Pindar Press, [1999]
Subjects:
Tags: Add Tag
No Tags, Be the first to tag this record!
LEADER 01153cam a2200349Ia 4500
001 015048871-8
005 20170622124454.0
008 990910s1999 xxuac 000 0 eng d
010 |a  99074256  
020 |a 0918223032 
020 |a 9780918223036 
035 0 |a ocm42353891 
040 |a OLY  |b eng  |c OLY  |d DPL  |d OCLCQ  |d OCLCO  |d SLR 
043 |a n-us--- 
050 4 |a GV943.5 1999  |b .F469p 1999 
082 4 |a 796.334082 
245 0 0 |a FIFA Women's World Cup USA'99 official program. 
246 1 3 |a Official program FFIF Women's World Cup USA99 
246 1 3 |a FIFA WWC '99 official program 
260 |a [Place of publication not identified] :  |b Pindar Press,  |c [1999] 
300 |a 96 pages :  |b illustrations ;  |c 28 cm 
336 |a text  |b txt  |2 rdacontent 
337 |a unmediated  |b n  |2 rdamedia 
338 |a volume  |b nc  |2 rdacarrier 
650 0 |a Soccer for women. 
650 0 |a Soccer. 
611 2 0 |a Women's World Cup (Soccer)  |d (1999 :  |c United States) 
611 2 0 |a Women's World Cup (Soccer)  |d (1999 :  |c United States)  |x Programs. 
710 2 |a Fédération internationale de football association. 
988 |a 20170622 
049 |a SLRR 
906 |0 OCLC